Bến Nghé xưa
Gorde:
| Egile nagusia: | |
|---|---|
| Formatua: | Liburua |
| Hizkuntza: | Undetermined |
| Argitaratua: |
Tp. HCM
Văn nghệ
1992
|
| Gaiak: | |
| Etiketak: |
Etiketa erantsi
Etiketarik gabe, Izan zaitez lehena erregistro honi etiketa jartzen!
|
| Thư viện lưu trữ: | Trung tâm Học liệu Trường Đại học Cần Thơ |
|---|
| LEADER | 00507nam a2200169Ia 4500 | ||
|---|---|---|---|
| 001 | CTU_10522 | ||
| 008 | 210402s9999 xx 000 0 und d | ||
| 082 | |a 915.97 | ||
| 082 | |b S464b | ||
| 100 | |a Sơn Nam | ||
| 245 | 0 | |a Bến Nghé xưa | |
| 245 | 0 | |c Sơn Nam | |
| 260 | |a Tp. HCM | ||
| 260 | |b Văn nghệ | ||
| 260 | |c 1992 | ||
| 650 | |a ho chi minh city - description and travel,vietnam - description and travel,vietnamese literature | ||
| 980 | |a Trung tâm Học liệu Trường Đại học Cần Thơ | ||